History Quiz

Random History or Artist Quiz

APAH Artist and period/style Quiz Stats

 Plays Quiz not verified by Sporcle

Challenge
Share
Tweet
Embed
Score 0/41 Timer 08:00
0 Plays Today
% Correct
Gothic
88.8%
Cubism
88.3%
Pop Art
88.3%
Spanish Baroque
87.7%
Japanese prints
84%
Post-Impressionism
83.2%
Early photography
81.9%
Romanesque
81%
Dada
81%
Russian Constructivism
81%
Hudson River School
80.9%
Mexican Muralists
79.3%
Spanish Romanticism
78.8%
Surrealism
78.2%
Neoclassical
77.8%
Expressionism, Fauvism
77.7%
Prairie, organic architetcture
77.7%
Color field
76%
Earth art, site specific
76%
Postmodern Architetcure
75.4%
Mannerism
74.7%
% Correct
Impressionism
74.7%
English Romanticism
74.7%
High Renaissance - Venice
74.3%
De Stijl
74.3%
Installation, performance
74.3%
High Renaissance - Rome
74.1%
International Style Modern Architecture
73.7%
French Baroque
73.7%
French Romanticism
73.2%
Abstract Expressionism
73.2%
Italian Baroque
73%
Proto-Renaissance
72.7%
Realism
72.4%
Dutch baroque
71%
Vienna Secessionism
70.4%
Video art
68.9%
Northern Renaissance - Flanders
68.9%
Flemish Baroque
66.6%
Installations
62.5%
Early Renaissance - Florence
62.1%

You're not logged in!

Compare scores with friends on all Sporcle quizzes.
OR
Log In

You Might Also Like...

Show Comments

Extras

Top Quizzes Today


Score Distribution

Your Account Isn't Verified!

In order to create a playlist on Sporcle, you need to verify the email address you used during registration. Go to your Sporcle Settings to finish the process.

Report this User

Report this user for behavior that violates our Community Guidelines.

Details: